[Event "Montreal op U2000"]
[Site "Montreal"]
[Date "2016.09.11"]
[Round "5.44"]
[White "Tinica, Gabriel"]
[Black "Ma, Indy"]
[Result "0-1"]
[WhiteElo "1579"]
[BlackElo "1717"]
[PlyCount "106"]
[EventDate "2016.09.09"]
[EventType "swiss"]
[EventRounds "5"]
[EventCountry "CAN"]
[SourceTitle "EXT 2022"]
[Source "ChessBase"]
[SourceDate "2021.10.06"]
[SourceVersion "1"]
[SourceVersionDate "2021.10.06"]
[SourceQuality "1"]

1. d4 Nf6 2. c4 e6 3. Nc3 Bb4 4. f3 Bxc3+ 5. bxc3 d5 6. cxd5 exd5 7. e3 0-0 8. Bd3 Re8 9. Ne2 b6 10. 0-0 Bb7 11. Re1 Nbd7 12. Ng3 c5 13. Bb2 Qc7 14. e4 dxe4 15. fxe4 Qf4 16. e5 Ng4 17. Qc2 Qh6 18. h3 Ne3 19. Rxe3 Qxe3+ 20. Kh2 cxd4 21. cxd4 Rac8 22. Qe2 Qxe2 23. Nxe2 Bd5 24. Nc3 Bc4 25. Bxc4 Rxc4 26. Nb5 Rc2 27. Nd6 Re6 28. Bc1 f6 29. Bf4 fxe5 30. dxe5 Nxe5 31. Nb5 Nd3 32. Nd4 Nxf4 33. Nxc2 Re2 34. Kg3 Rxg2+ 35. Kxf4 Rxc2 36. a4 Rc4+ 37. Kg3 a5 38. Rb1 Rb4 39. Ra1 g5 40. Kg2 h5 41. Kg3 Kg7 42. Kg2 Kg6 43. Kg3 Kf5 44. Rf1+ Rf4 45. Rb1 Rb4 46. Rf1+ Ke4 47. Re1+ Kd3 48. Re5 h4+ 49. Kf3 Rf4+ 50. Kg2 g4 51. Re6 gxh3+ 52. Kxh3 Rb4 53. Kg2 Kc2 0-1

[Event "Francophone-ch 3rd"]
[Site "Montreal"]
[Date "2015.07.24"]
[Round "8"]
[White "Gauthier, Denis"]
[Black "Ma, Indy"]
[Result "1-0"]
[WhiteElo "1836"]
[BlackElo "1725"]
[PlyCount "53"]
[EventDate "2015.07.17"]
[EventType "swiss"]
[EventRounds "9"]
[EventCountry "CAN"]
[SourceTitle "EXT 2016"]
[Source "ChessBase"]
[SourceDate "2015.10.08"]
[SourceVersion "1"]
[SourceVersionDate "2015.10.08"]
[SourceQuality "1"]

1. d4 Nf6 2. c4 e6 3. Nf3 d5 4. Nc3 Be7 5. Bf4 c6 6. e3 Nbd7 7. h3 0-0 8. Bd3 dxc4 9. Bxc4 b5 10. Bd3 Bb7 11. 0-0 a6 12. Qe2 c5 13. Rad1 Qb6 14. Rfe1 cxd4 15. exd4 Rfe8 16. Bb1 Nd5 17. Qd3 N7f6 18. Bg5 h6 19. Bh4 Nf4 20. Qe3 N6d5 21. Nxd5 Nxd5 22. Qd3 Nf6 23. Ne5 Rad8 24. Re3 g5 25. Nxf7 gxh4 26. Qg6+ Kf8 27. Ne5 1-0

[Event "CAN-ch U16/18 Girls"]
[Site "Montreal"]
[Date "2014.07.16"]
[Round "3"]
[White "Ma, Indy"]
[Black "Pobereshnikova, Agniya"]
[Result "1-0"]
[WhiteElo "1631"]
[BlackElo "1492"]
[PlyCount "41"]
[EventDate "2014.07.15"]
[EventType "swiss"]
[EventRounds "7"]
[EventCountry "CAN"]
[SourceTitle "EXT 2022"]
[Source "ChessBase"]
[SourceDate "2021.10.06"]
[SourceVersion "1"]
[SourceVersionDate "2021.10.06"]
[SourceQuality "1"]

1. d4 Nf6 2. c4 c5 3. d5 b5 4. b3 g6 5. Bb2 Bg7 6. Qc2 b4 7. e4 d6 8. Nf3 Nbd7 9. Bd3 0-0 10. 0-0 a5 11. a4 h6 12. Nbd2 Re8 13. e5 dxe5 14. Nxe5 Qc7 15. Ndf3 Nh5 16. Nxf7 Bxb2 17. Nxh6+ Kg7 18. Bxg6 Ndf6 19. Bxe8 Nxe8 20. Qxb2+ Kxh6 21. Qh8+ 1-0

[Event "Montreal Pere Noel op"]
[Site "Montreal"]
[Date "2013.12.28"]
[Round "3"]
[White "Nunez, Omar"]
[Black "Ma, Indy"]
[Result "1-0"]
[WhiteElo "1945"]
[BlackElo "1726"]
[PlyCount "85"]
[EventDate "2013.12.26"]
[EventType "swiss"]
[EventRounds "5"]
[EventCountry "CAN"]
[SourceTitle "CBM 158 Extra"]
[Source "ChessBase"]
[SourceDate "2014.02.28"]
[SourceVersion "1"]
[SourceVersionDate "2014.02.28"]
[SourceQuality "1"]

1. f4 Nf6 2. e3 d5 3. b3 c5 4. Bb2 e6 5. Nf3 Nc6 6. Bb5 Bd7 7. 0-0 Bd6 8. Bxc6 Bxc6 9. Ne5 0-0 10. d3 Be7 11. Nxc6 bxc6 12. Nd2 Qb6 13. Qe2 Rfd8 14. Kh1 a5 15. a4 Rd7 16. Rab1 Qc7 17. Nf3 Rdd8 18. Ne5 d4 19. e4 Bd6 20. Nxf7 Qxf7 21. e5 Be7 22. exf6 Bxf6 23. Rbe1 Re8 24. Qf3 Qc7 25. Ba3 Qd6 26. Re4 Rac8 27. Rfe1 e5 28. g3 Kf7 29. fxe5 Qd5 30. exf6 gxf6 31. Kg2 Rxe4 32. Qxe4 f5 33. Qxd5+ cxd5 34. Re5 c4 35. bxc4 dxc4 36. Rxf5+ Ke6 37. Rc5 cxd3 38. cxd3 Rb8 39. Rb5 Rc8 40. Bc5 Rd8 41. Kf3 Rd5 42. Ke4 Rh5 43. h4 1-0

[Event "Montreal Pere Noel"]
[Site "Montreal"]
[Date "2012.12.28"]
[Round "3.4"]
[White "Ma, Indy"]
[Black "Luksza, Arkadiusz"]
[Result "0-1"]
[WhiteElo "1700"]
[BlackElo "2152"]
[PlyCount "76"]
[EventDate "2012.12.26"]
[EventType "swiss"]
[EventRounds "5"]
[EventCountry "CAN"]
[SourceTitle "EXT 2022"]
[Source "ChessBase"]
[SourceDate "2021.10.06"]
[SourceVersion "1"]
[SourceVersionDate "2021.10.06"]
[SourceQuality "1"]

1. d4 d5 2. c4 c6 3. Nf3 Nf6 4. Nc3 dxc4 5. e4 b5 6. Qc2 Bb7 7. d5 cxd5 8. exd5 a6 9. a4 b4 10. Nd1 Nxd5 11. Bxc4 e6 12. 0-0 Nd7 13. Re1 Be7 14. b3 Bf6 15. Bb2 0-0 16. Rc1 Rc8 17. Qd3 Bxb2 18. Nxb2 Nc5 19. Qd2 Nc3 20. Qxd8 Rfxd8 21. Ne5 Bd5 22. Bxd5 Rxd5 23. Nbc4 Re8 24. Rc2 Nd3 25. Nxd3 Rxd3 26. Na5 Rc8 27. h3 Rc5 28. Nc4 Rcd5 29. Re5 Rd1+ 30. Kh2 Kf8 31. f4 Rb1 32. Nd2 Rd1 33. Nc4 Rf1 34. Ne3 Rxe5 35. Nxf1 Re1 36. Rf2 Rb1 37. Nd2 Rb2 38. Kg3 Rxd2 0-1

[Event "CAN-ch (Women)"]
[Site "Montreal"]
[Date "2012.08.09"]
[Round "6"]
[White "Ma, Indy"]
[Black "Zhou, Qiyu"]
[Result "1/2-1/2"]
[WhiteElo "1490"]
[BlackElo "1836"]
[PlyCount "134"]
[EventDate "2012.08.05"]
[EventType "swiss"]
[EventRounds "9"]
[EventCountry "CAN"]
[SourceTitle "EXT 2022"]
[Source "ChessBase"]
[SourceDate "2021.10.06"]
[SourceVersion "1"]
[SourceVersionDate "2021.10.06"]
[SourceQuality "1"]

1. d4 Nf6 2. c4 e6 3. Nf3 b6 4. Nc3 Bb7 5. a3 Be7 6. Bg5 0-0 7. e3 h6 8. Bxf6 Bxf6 9. Bd3 c5 10. Be4 d5 11. cxd5 exd5 12. Bf5 c4 13. 0-0 Nc6 14. Rc1 Re8 15. Nd2 g6 16. Bc2 a6 17. Qf3 Na5 18. b4 cxb3 19. Nxb3 Nc4 20. Ra1 Bg7 21. Rfd1 Qd6 22. a4 Rac8 23. Ne2 Nxe3 24. Bxg6 Qxg6 25. fxe3 Qe4 26. Qxe4 Rxe4 27. Rd3 a5 28. Ng3 Re6 29. Nf5 Ba6 30. Rdd1 Rc3 31. Nd2 Bd3 32. Nxg7 Kxg7 33. Re1 Bc2 34. Kf2 Rd3 35. Nf3 Rb3 36. Re2 Bd3 37. Rd2 Ba6 38. Ne5 f6 39. Nf3 Rbxe3 40. Raa2 Bc4 41. Ra1 Re2+ 42. Rxe2 Rxe2+ 43. Kg3 Ra2 44. Rxa2 Bxa2 45. Nd2 Kf7 46. Kf4 Ke6 47. g4 Bc4 48. h4 b5 49. axb5 Bxb5 50. Nb3 a4 51. Nc5+ Kf7 52. g5 hxg5+ 53. hxg5 a3 54. Nb3 Bc4 55. Na1 fxg5+ 56. Kxg5 Ke6 57. Kf4 Kf6 58. Ke3 Kg5 59. Kd2 Kf4 60. Kc3 a2 61. Kb2 Ke4 62. Kc3 Ke3 63. Nc2+ Ke2 64. Na1 Kd1 65. Kb2 Kd2 66. Nc2 Kd3 67. Ka1 Kxc2 1/2-1/2

[Event "Montreal op U2000"]
[Site "Montreal"]
[Date "2011.09.10"]
[Round "2"]
[White "Paduano, Gennaro"]
[Black "Ma, Indy"]
[Result "1-0"]
[WhiteElo "1956"]
[BlackElo "1736"]
[PlyCount "45"]
[EventDate "2011.09.09"]
[EventType "swiss"]
[EventRounds "5"]
[EventCountry "CAN"]
[SourceTitle "EXT 2022"]
[Source "ChessBase"]
[SourceDate "2021.10.06"]
[SourceVersion "1"]
[SourceVersionDate "2021.10.06"]
[SourceQuality "1"]

1. e4 c5 2. Nc3 d6 3. f4 Nf6 4. Nf3 Nc6 5. Bb5 Bd7 6. 0-0 e6 7. d3 Be7 8. Qe1 Nd4 9. Nxd4 cxd4 10. Bxd7+ Qxd7 11. Ne2 e5 12. Ng3 Qg4 13. Nf5 Nh5 14. fxe5 dxe5 15. Nxe7 Kxe7 16. Qb4+ Ke6 17. Qc4+ Ke7 18. Qc7+ Qd7 19. Rxf7+ Kxf7 20. Qxd7+ Kf8 21. b3 Kg8 22. Qe6+ Kf8 23. Ba3# 1-0

[Event "Quebec-ch U14"]
[Site "Montreal"]
[Date "2010.11.26"]
[Round "1"]
[White "Luo, Zhao Yang"]
[Black "Ma, Indy"]
[Result "1-0"]
[WhiteElo "1963"]
[BlackElo "1559"]
[PlyCount "95"]
[EventDate "2010.11.26"]
[EventType "swiss"]
[EventRounds "5"]
[EventCountry "CAN"]
[SourceTitle "EXT 2013"]
[Source "ChessBase"]
[SourceDate "2012.11.22"]
[SourceVersion "1"]
[SourceVersionDate "2012.11.22"]
[SourceQuality "1"]

1. d4 Nf6 2. c4 e6 3. Bg5 Bb4+ 4. Nc3 0-0 5. e3 d5 6. Bd3 Be7 7. Nf3 Nbd7 8. 0-0 b6 9. cxd5 exd5 10. Rc1 c5 11. Re1 Re8 12. Bb5 a6 13. Bc6 Rb8 14. Bf4 Bb7 15. Bxd7 Qxd7 16. Bxb8 Rxb8 17. Ne5 Qf5 18. Nf3 c4 19. b3 Ba3 20. Rc2 cxb3 21. axb3 Rc8 22. Ree2 Bd6 23. Na4 Rxc2 24. Qxc2 Qxc2 25. Rxc2 Nd7 26. Nd2 Kf8 27. f3 f5 28. f4 b5 29. Nc5 Nxc5 30. dxc5 Bc7 31. b4 Ke7 32. Nf3 g6 33. Nd4 Bc8 34. h3 Bd7 35. Kf2 Kf6 36. Kf3 h5 37. Kf2 Ke7 38. Ra2 Bc8 39. Nc6+ Kd7 40. Na7 Bb7 41. c6+ Bxc6 42. Nxc6 Kxc6 43. Rxa6+ Bb6 44. Ke2 Kb7 45. Rxb6+ Kxb6 46. Kd3 Kc6 47. Kd4 Kd6 48. h4 1-0

[Event "Quebec-ch U20"]
[Site "Montreal"]
[Date "2010.03.13"]
[Round "3"]
[White "Samikov, Chingis"]
[Black "Ma, Indy"]
[Result "1/2-1/2"]
[WhiteElo "1187"]
[BlackElo "1335"]
[PlyCount "62"]
[EventDate "2010.03.12"]
[EventType "swiss"]
[EventRounds "5"]
[EventCountry "CAN"]
[SourceTitle "EXT 2013"]
[Source "ChessBase"]
[SourceDate "2012.11.22"]
[SourceVersion "1"]
[SourceVersionDate "2012.11.22"]
[SourceQuality "1"]

1. e4 c5 2. Nf3 d6 3. d4 cxd4 4. Nxd4 Nf6 5. Nc3 a6 6. Be3 Nc6 7. Be2 e5 8. Nxc6 bxc6 9. 0-0 Be7 10. Qd2 0-0 11. Rad1 Be6 12. f4 exf4 13. Bxf4 d5 14. exd5 Nxd5 15. Nxd5 Bxd5 16. b3 Qb6+ 17. Be3 Bc5 18. Bd4 Rfe8 19. Rf2 Rad8 20. Qc3 Bxd4 21. Qxd4 c5 22. Qf4 Qg6 23. Bd3 Be4 24. Re2 h6 25. Rde1 f5 26. Bxe4 fxe4 27. Rxe4 Rf8 28. Qg4 Qxg4 29. Rxg4 Rd2 30. Rf1 Rxf1+ 31. Kxf1 Rxc2 1/2-1/2

[Event "Quebec-ch U14"]
[Site "Montreal"]
[Date "2009.11.29"]
[Round "5"]
[White "Ma, Indy"]
[Black "Morin Pare, Victor"]
[Result "1-0"]
[WhiteElo "1344"]
[BlackElo "1265"]
[PlyCount "63"]
[EventDate "2009.11.27"]
[EventType "swiss"]
[EventRounds "5"]
[EventCountry "CAN"]
[SourceTitle "EXT 2011"]
[Source "ChessBase"]
[SourceDate "2010.11.26"]
[SourceVersion "1"]
[SourceVersionDate "2010.11.26"]
[SourceQuality "1"]

1. d4 d5 2. c4 Nf6 3. Nc3 e6 4. Bg5 dxc4 5. e4 h6 6. Bh4 Be7 7. Bxc4 Nfd7 8. Bxe7 Qxe7 9. Nf3 Nb6 10. Bd3 Nc6 11. 0-0 0-0 12. Re1 e5 13. dxe5 Nxe5 14. Nxe5 Qxe5 15. Rc1 c6 16. Re3 Be6 17. Rg3 Rad8 18. Qe2 Rd4 19. Qe3 Kh8 20. f4 Qd6 21. f5 Rxd3 22. Qxd3 Qf4 23. Rf1 Qe5 24. fxe6 Qxe6 25. Qd4 f6 26. e5 Nd7 27. exf6 Nxf6 28. Ne4 Qe7 29. Nxf6 Rxf6 30. Rxf6 gxf6 31. Re3 Qf7 32. Qd8+ 1-0